000 00338nam a22001457a 4500
008 210302b ||||| |||| 00| 0 eng d
020 _a9780393316810
041 _aeng
080 _a611.085
082 _a611.085
100 _a9
101 _aHIS
245 _aKorea's Place in the Sun a modern History
_cCumings, B
942 _2udc
_cBK
999 _c55512
_d55512